UM Logo

The colonial iron horse : (Record no. 23225)

MARC details
000 -LEADER
fixed length control field 00566nam a22001577a 4500
005 - DATE AND TIME OF LATEST TRANSACTION
control field 20241119084437.0
008 - FIXED-LENGTH DATA ELEMENTS--GENERAL INFORMATION
fixed length control field 241119b |||||||| |||| 00| 0 eng d
020 ## - INTERNATIONAL STANDARD BOOK NUMBER
International Standard Book Number 9715422209
082 ## - DEWEY DECIMAL CLASSIFICATION NUMBER
Edition number 1999
Classification number C817
100 ## - MAIN ENTRY--PERSONAL NAME
Personal name Corpuz, Arturo G.
9 (RLIN) 64270
245 ## - TITLE STATEMENT
Title The colonial iron horse :
Remainder of title railroads and regional development in the philippines 1875-1935 /
Statement of responsibility, etc. Arturo G. Corpuz
260 ## - PUBLICATION, DISTRIBUTION, ETC. (IMPRINT)
Place of publication, distribution, etc. Quezon City :
Name of publisher, distributor, etc. University of the philippines press,
Date of publication, distribution, etc. ©1999.
300 ## - PHYSICAL DESCRIPTION
Extent ix, 262 pages :
Other physical details illustrations ;
Dimensions 22 cm.
500 ## - GENERAL NOTE
General note Includes appendices and index.
942 ## - ADDED ENTRY ELEMENTS (KOHA)
Source of classification or shelving scheme Dewey Decimal Classification
Koha item type Filipiniana
Holdings
Withdrawn status Lost status Source of classification or shelving scheme Damaged status Not for loan Collection code Home library Current library Date acquired Source of acquisition Total Checkouts Full call number Barcode Date last seen Price effective from Koha item type
    Dewey Decimal Classification     Filipiniana UM Digos College - LIC UM Digos College - LIC 11/30/2004 Purchased   DFil 385 C817 1999 18032 05/15/2025 11/19/2024 Filipiniana